[Event "DEM U14 2004"]
[Site "Willingen GER"]
[Date "2004.06.04"]
[Round "8"]
[White "Wapenhans, Alexander"]
[Black "Dinger, Florian"]
[Result "1/2-1/2"]
[Termination "normal"]
[Board "7"]
[WhiteElo "1655"]
[BlackElo "2070"]
[PlyCount "107"]
[WhiteFideId "24622630"]
[BlackFideId "24605573"]
[EventCountry "GER"]
[EventRounds "9"]
[EventType "swiss"]
[EventDate "2004.05.29"]

1. e4 c5 2. Nf3 Nc6 3. Nc3 g6 4. d4 cxd4 5. Nxd4 Bg7 6. Nb3 Nf6 7. Be2 O-O 8.
O-O d6 9. Kh1 a5 10. a4 Be6 11. Bg5 Nd7 12. f4 Re8 13. f5 Bxb3 14. cxb3 Nce5
15. Nd5 Nb6 16. Bb5 Nbd7 17. Qd2 f6 18. Bf4 Rf8 19. fxg6 hxg6 20. Bh6 Nc5 21.
Bxg7 Kxg7 22. Qe3 Rh8 23. h3 Rh4 24. Rf4 Rh7 25. b4 axb4 26. Nxb4 g5 27. Rf5
Rh4 28. Rxe5 dxe5 29. Qxc5 Rxe4 30. Nd5 Qd6 31. b4 Kf7 32. Bc4 Qxc5 33. bxc5
Ra5 34. Nb6+ e6 35. Bb5 Rd4 36. Nc4 Rxb5 37. Nxe5+ fxe5 38. axb5 Rb4 39. Ra7
Rxb5 40. c6 Kf6 41. Rxb7 Rc5 42. Rc7 e4 43. Kg1 e3 44. Kf1 Ke5 45. Rc8 Kd6 46.
Ke2 Rc2+ 47. Kxe3 Rxg2 48. Kf3 Rc2 49. Kg4 Rc5 50. Kh5 Rc3 51. Kxg5 Rxh3 52.
Kf6 Rf3+ 53. Kg5 Rf1 54. Re8 1/2-1/2

[Event "DEM U14 2004"]
[Site "Willingen GER"]
[Date "2004.06.04"]
[Round "8"]
[White "Paul, Johannes"]
[Black "Rudolf, Sebastian"]
[Result "1/2-1/2"]
[Termination "normal"]
[Board "8"]
[WhiteElo "1713"]
[BlackElo "1926"]
[PlyCount "56"]
[WhiteFideId "24622087"]
[BlackFideId "24609390"]
[EventCountry "GER"]
[EventRounds "9"]
[EventType "swiss"]
[EventDate "2004.05.29"]

1. c4 c5 2. g3 Nf6 3. Bg2 d5 4. cxd5 Nxd5 5. Nf3 Nc6 6. O-O e5 7. Nc3 Nc7 8. d3
Be7 9. Bd2 O-O 10. a3 Be6 11. Ne4 f6 12. Rc1 Na6 13. Be3 Nd4 14. Bxd4 cxd4 15.
Ned2 Qd7 16. Nc4 Nc5 17. Nfd2 Rab8 18. Ne4 Nxe4 19. Bxe4 Rfc8 20. a4 b5 21.
axb5 Qxb5 22. Ra1 Rc7 23. Ra5 Qd7 24. Qa1 Bb4 25. Ra6 Bg4 26. Bf3 Bxf3 27. exf3
Bc5 28. Qa4 Qxa4 1/2-1/2

[Event "DEM U14 2004"]
[Site "Willingen GER"]
[Date "2004.06.04"]
[Round "8"]
[White "Trapp, Maximilian"]
[Black "Müller, Jan-Hendrik"]
[Result "1/2-1/2"]
[Termination "normal"]
[Board "9"]
[WhiteElo "1820"]
[BlackElo "1831"]
[PlyCount "45"]
[BlackFideId "24615048"]
[EventCountry "GER"]
[EventRounds "9"]
[EventType "swiss"]
[EventDate "2004.05.29"]

1. d4 c5 2. e3 cxd4 3. exd4 d5 4. c3 Nc6 5. f4 Bf5 6. Nf3 e6 7. Bd3 Bxd3 8.
Qxd3 f6 9. O-O Bd6 10. Re1 Kf7 11. f5 e5 12. dxe5 Bxe5 13. Nxe5+ Nxe5 14. Qb5
Qd7 15. Qxd7+ Nxd7 16. Bf4 Ne7 17. g4 Rac8 18. Na3 a6 19. Rad1 Nb6 20. Nc2 Rhd8
21. Re2 Rd7 22. Kg2 Nc6 23. Ne3 1/2-1/2

[Event "DEM U14 2004"]
[Site "Willingen GER"]
[Date "2004.06.04"]
[Round "8"]
[White "Poetsch, Hagen"]
[Black "Grünwald, Eduard"]
[Result "0-1"]
[Termination "normal"]
[Board "10"]
[WhiteElo "1783"]
[BlackElo "1989"]
[PlyCount "74"]
[WhiteFideId "24615137"]
[BlackFideId "4696280"]
[EventCountry "GER"]
[EventRounds "9"]
[EventType "swiss"]
[EventDate "2004.05.29"]

1. e4 e5 2. Bc4 Nc6 3. Nf3 Bc5 4. c3 Nf6 5. d4 exd4 6. cxd4 Bb4+ 7. Nc3 Nxe4 8.
O-O Bxc3 9. d5 Bf6 10. Re1 Ne7 11. Rxe4 d6 12. g4 O-O 13. g5 Be5 14. Nxe5 dxe5
15. Rxe5 Ng6 16. Re1 Re8 17. Bd2 Bf5 18. Rxe8+ Qxe8 19. Bc3 Nh4 20. Bd3 Be4 21.
Qg4 Nf3+ 22. Kh1 Bxd3 23. h4 Be4 24. Rd1 Rd8 25. g6 Nxh4+ 26. Kg1 Nf3+ 27. Kh1
hxg6 28. Qf4 Qe7 29. Qe3 Qh4+ 30. Kg2 Nd2+ 31. f3 Bxf3+ 32. Qxf3 Nxf3 33. Kxf3
Qh5+ 34. Kf4 Qxd1 35. Ke5 Qf3 36. d6 Rxd6 37. Ba5 Rd5# 0-1

[Event "DEM U14 2004"]
[Site "Willingen GER"]
[Date "2004.06.04"]
[Round "8"]
[White "Wall, Henrik"]
[Black "Lange, Jan-David"]
[Result "1/2-1/2"]
[Termination "normal"]
[Board "11"]
[WhiteElo "1712"]
[BlackElo "1794"]
[PlyCount "108"]
[WhiteFideId "24614033"]
[BlackFideId "24614963"]
[EventCountry "GER"]
[EventRounds "9"]
[EventType "swiss"]
[EventDate "2004.05.29"]

1. e4 e6 2. d4 d5 3. exd5 exd5 4. Bd3 Bd6 5. Nf3 Bg4 6. O-O Nc6 7. Re1+ Nge7 8.
c3 Qd7 9. Bg5 f6 10. Bh4 g5 11. Bg3 Bxg3 12. fxg3 O-O-O 13. Nbd2 Kb8 14. b4 Ng6
15. Nb3 Rhe8 16. Qc2 Nce7 17. a4 Bf5 18. Nc5 Qc8 19. a5 h5 20. a6 b6 21. Nb7
Bxd3 22. Qxd3 Rd7 23. Re6 Ng8 24. Rae1 Rde7 25. Rxe7 N8xe7 26. b5 Qd7 27. c4 g4
28. Nd2 dxc4 29. Qxc4 Nf5 30. Rxe8+ Qxe8 31. Ne4 Qe7 32. Qc6 Nxd4 33. Na5 Nxc6
34. Nxc6+ Kc8 35. Nxe7+ Nxe7 36. Nxf6 c6 37. bxc6 Nxc6 38. Nxh5 b5 39. Kf2 Kc7
40. Nf6 Ne5 41. Ke3 Kd6 42. h3 gxh3 43. gxh3 Nc6 44. g4 Nb4 45. g5 Ke6 46. h4
Nxa6 47. h5 Nc7 48. Kd3 a5 49. h6 Kf7 50. h7 Kg7 51. g6 Ne6 52. Ne8+ Kh8 53.
Ke3 Ng5 54. Nd6 Nxh7 1/2-1/2

[Event "DEM U14 2004"]
[Site "Willingen GER"]
[Date "2004.06.04"]
[Round "8"]
[White "Kalisch, Michael"]
[Black "Völbel, Patrick"]
[Result "1/2-1/2"]
[Termination "normal"]
[Board "12"]
[WhiteElo "1576"]
[BlackElo "1867"]
[PlyCount "109"]
[BlackFideId "24622583"]
[EventCountry "GER"]
[EventRounds "9"]
[EventType "swiss"]
[EventDate "2004.05.29"]

1. e4 c5 2. Nf3 e6 3. Nc3 d6 4. d4 cxd4 5. Nxd4 a6 6. Bd3 Nf6 7. O-O Qc7 8. a4
b6 9. Be3 Bb7 10. f4 Nbd7 11. f5 e5 12. Nde2 Ng4 13. Qd2 d5 14. Bf2 Nxf2 15.
Kxf2 Bc5+ 16. Ke1 Nf6 17. exd5 Nxd5 18. Qg5 f6 19. Qh5+ Qf7 20. Qxf7+ Kxf7 21.
Bc4 Rad8 22. Rd1 Bd4 23. Nxd4 exd4 24. Rxd4 Rhe8+ 25. Kd1 Re5 26. Re1 Kf8 27.
Bxd5 Bxd5 28. Rxe5 Bf3+ 29. Kc1 Rxd4 30. Re6 Bxg2 31. Rxb6 Bf1 32. Rb8+ Ke7 33.
Rb7+ Rd7 34. Nd5+ Kd6 35. Rxd7+ Kxd7 36. Ne3 Bh3 37. b4 Kc6 38. Kd2 g6 39. fxg6
hxg6 40. Ke2 Be6 41. Kf3 Kd6 42. Ke4 Bd7 43. a5 Be6 44. h4 Kc6 45. c3 Kd6 46.
Kd4 Kc6 47. Ng2 Bf7 48. Nf4 g5 49. hxg5 fxg5 50. Ne2 Kb5 51. Ng3 Bb3 52. Ne4 g4
53. Ke3 Be6 54. Kd4 Bb3 55. Nd6+ 1/2-1/2

[Event "DEM U14 2004"]
[Site "Willingen GER"]
[Date "2004.06.04"]
[Round "8"]
[White "Szczap, Arthur"]
[Black "Kölsch, Maximilian"]
[Result "1-0"]
[Termination "normal"]
[Board "13"]
[WhiteElo "1497"]
[BlackElo "1867"]
[PlyCount "91"]
[WhiteFideId "24637394"]
[BlackFideId "24618462"]
[EventCountry "GER"]
[EventRounds "9"]
[EventType "swiss"]
[EventDate "2004.05.29"]

1. e4 c5 2. Nf3 e6 3. d4 cxd4 4. Nxd4 a6 5. Nc3 b5 6. a3 Bb7 7. Bd3 Qc7 8. O-O
Nf6 9. Qe2 Nc6 10. Nxc6 Bxc6 11. Bg5 Qb7 12. Bxf6 gxf6 13. f3 Bc5+ 14. Kh1 h5
15. Na2 h4 16. b4 Ba7 17. c4 bxc4 18. Bxc4 h3 19. g3 Bd4 20. Rab1 Rh5 21. Nc1
Re5 22. Bd3 f5 23. Nb3 Qb6 24. Nd2 fxe4 25. fxe4 d5 26. Qf3 Qb7 27. Rbd1 Bc3
28. Bxa6 Rxa6 29. Qxc3 Qb8 30. Nf3 f6 31. Nxe5 fxe5 32. Qf3 Qd6 33. Qf7+ Kd8
34. Qg7 Qe7 35. Rf7 Qd6 36. Rc1 Be8 37. Rf8 Ra8 38. Rcf1 Rxa3 39. Rxe8+ Kxe8
40. Qg8+ Kd7 41. Rf7+ Kc6 42. Qc8+ Kb5 43. Rb7+ Ka4 44. Qc2+ Rb3 45. Qa2+ Ra3
46. Ra7+ 1-0

[Event "DEM U14 2004"]
[Site "Willingen GER"]
[Date "2004.06.04"]
[Round "8"]
[White "Laqua, Stefan"]
[Black "Bastian, Ruben"]
[Result "0-1"]
[Termination "normal"]
[Board "14"]
[WhiteElo "1241"]
[BlackElo "1421"]
[PlyCount "54"]
[WhiteFideId "4674634"]
[EventCountry "GER"]
[EventRounds "9"]
[EventType "swiss"]
[EventDate "2004.05.29"]

1. e4 c5 2. Nf3 Nc6 3. d4 cxd4 4. Nxd4 Nf6 5. Nc3 e5 6. Ndb5 d6 7. Bg5 a6 8.
Na3 b5 9. Nd5 Be7 10. Bxf6 gxf6 11. c3 f5 12. Bd3 Bb7 13. exf5 Qd7 14. Nb6 Qd8
15. Nxa8 d5 16. Bxb5 axb5 17. Nxb5 Bxa8 18. Qxd5 Qb6 19. O-O-O O-O 20. f3 Bg5+
21. Kb1 Na7 22. Qxe5 Nxb5 23. Ka1 Bf6 24. Qe1 Rb8 25. Rb1 Qa7 26. Qd2 Rd8 27.
Qc2 Bd5 0-1

[Event "DEM U14 2004"]
[Site "Willingen GER"]
[Date "2004.06.05"]
[Round "9"]
[White "Baldauf, Marco"]
[Black "Lubbe, Nikolas"]
[Result "1/2-1/2"]
[Termination "normal"]
[Board "1"]
[WhiteElo "2185"]
[BlackElo "2109"]
[PlyCount "108"]
[WhiteFideId "4688210"]
[BlackFideId "4694031"]
[EventCountry "GER"]
[EventRounds "9"]
[EventType "swiss"]
[EventDate "2004.05.29"]

1. e4 e5 2. Nf3 Nf6 3. Nxe5 d6 4. Nf3 Nxe4 5. d4 d5 6. Bd3 Bd6 7. O-O O-O 8. c4
Nf6 9. Nc3 dxc4 10. Bxc4 Nc6 11. Bg5 h6 12. Bh4 Bg4 13. d5 Ne5 14. Be2 Ng6 15.
Bg3 Bxg3 16. hxg3 Ne7 17. Bc4 Nf5 18. Qd2 Bxf3 19. gxf3 c5 20. Qd3 Nd4 21. Ne4
b6 22. b4 Nd7 23. f4 f5 24. Nd2 Qf6 25. a3 a5 26. bxa5 Rxa5 27. a4 Rfa8 28. Nb3
Rxa4 29. Rxa4 Rxa4 30. Nxd4 Qxd4 31. Qxd4 cxd4 32. Bb5 Ra7 33. Rd1 Kf8 34. Rxd4
Ke7 35. d6+ Kd8 36. Rb4 Ra1+ 37. Kg2 Rd1 38. Bxd7 Kxd7 39. Rxb6 g5 40. Rb7+
Kxd6 41. Rb6+ Ke7 42. Rxh6 g4 43. Rh1 Rd2 44. Re1+ Kf6 45. Kf1 Ra2 46. Rd1 Kg6
47. Ke1 Kh5 48. Rd2 Ra1+ 49. Ke2 Ra3 50. Rd3 Ra2+ 51. Ke3 Ra5 52. Kd4 Kg6 53.
Rc3 Ra2 54. Rc6+ Kf7 1/2-1/2

[Event "DEM U14 2004"]
[Site "Willingen GER"]
[Date "2004.06.05"]
[Round "9"]
[White "Tereick, Benjamin"]
[Black "Bogner, Sebastian"]
[Result "0-1"]
[Termination "normal"]
[Board "2"]
[WhiteElo "2090"]
[BlackElo "2093"]
[PlyCount "54"]
[WhiteFideId "24607541"]
[BlackFideId "4692055"]
[EventCountry "GER"]
[EventRounds "9"]
[EventType "swiss"]
[EventDate "2004.05.29"]

1. c4 c5 2. Nf3 Nf6 3. Nc3 b6 4. e3 Bb7 5. d4 cxd4 6. exd4 e6 7. a3 d6 8. Bd3
Be7 9. O-O O-O 10. Qe2 d5 11. cxd5 Nxd5 12. Ne5 Nd7 13. Qe4 N7f6 14. Qh4 g6 15.
Qh3 Rc8 16. Bh6 Nxc3 17. bxc3 Rxc3 18. Bxf8 Bxf8 19. Qe3 Nd5 20. Qd2 Qh4 21. f4
Bxa3 22. Be4 Bb4 23. Qb2 a5 24. Nd3 Rxd3 25. Bxd3 Bc3 26. Qa2 Bxd4+ 27. Kh1 Ne3
0-1

[Event "DEM U14 2004"]
[Site "Willingen GER"]
[Date "2004.06.05"]
[Round "9"]
[White "Savchenko, Aleksij"]
[Black "Geske, Julian"]
[Result "1-0"]
[Termination "normal"]
[Board "3"]
[WhiteElo "1844"]
[BlackElo "1940"]
[PlyCount "107"]
[WhiteFideId "24611727"]
[BlackFideId "24605263"]
[EventCountry "GER"]
[EventRounds "9"]
[EventType "swiss"]
[EventDate "2004.05.29"]

1. d4 Nf6 2. c4 g6 3. Nc3 Bg7 4. e4 d6 5. f3 O-O 6. Be3 c5 7. d5 e6 8. Be2 exd5
9. cxd5 a6 10. a4 Nbd7 11. Nh3 Rb8 12. Nf2 Re8 13. O-O Nf8 14. f4 Nxe4 15.
Ncxe4 f5 16. Nxd6 Rxe3 17. Nc4 Re8 18. a5 Bd4 19. Bf3 Bd7 20. Qd2 Bb5 21. Rac1
Nd7 22. b4 Rc8 23. Rfe1 Bxc4 24. Rxc4 Nf6 25. bxc5 Bxc5 26. Kf1 Bxf2 27. Rxe8+
Qxe8 28. Rxc8 Qxc8 29. Kxf2 Qc5+ 30. Qe3 Qc2+ 31. Qe2 Qc5+ 32. Kg3 Qc3 33. Kh4
Ne4 34. Bxe4 fxe4 35. Qxe4 Qf6+ 36. Kg4 h5+ 37. Kh3 Qc3+ 38. g3 Qc8+ 39. Qe6+
Qxe6+ 40. dxe6 Kg7 41. Kh4 Kf6 42. e7 Kxe7 43. Kg5 Kf7 44. h3 Kg7 45. g4 hxg4
46. hxg4 Kf7 47. f5 gxf5 48. Kxf5 Kg7 49. g5 Kf7 50. g6+ Kg7 51. Kg5 Kg8 52.
Kf6 Kh8 53. g7+ Kg8 54. Kg6 1-0

[Event "DEM U14 2004"]
[Site "Willingen GER"]
[Date "2004.06.05"]
[Round "9"]
[White "Schneider, David"]
[Black "Alsheimer, Christoph"]
[Result "0-1"]
[Termination "normal"]
[Board "4"]
[WhiteElo "2080"]
[BlackElo "2057"]
[PlyCount "130"]
[WhiteFideId "4697111"]
[BlackFideId "24605433"]
[EventCountry "GER"]
[EventRounds "9"]
[EventType "swiss"]
[EventDate "2004.05.29"]

1. Nf3 c5 2. e4 e6 3. b3 b6 4. d4 cxd4 5. Nxd4 d6 6. Bb2 Nf6 7. Nd2 Bb7 8. Bd3
a6 9. O-O Be7 10. Qe2 Nbd7 11. c4 Qc7 12. Rac1 O-O 13. Bb1 Rac8 14. Rc3 g6 15.
Rg3 Kh8 16. Qe3 e5 17. Ne2 Qc5 18. Nc3 Qxe3 19. Rxe3 Nh5 20. Rd1 f5 21. f3 d5
22. Ree1 d4 23. Nd5 Bxd5 24. exd5 Bc5 25. a3 a5 26. g3 Kg8 27. Kg2 Rce8 28. Re2
Ndf6 29. Rde1 Nd7 30. Bd3 Kf7 31. Bb1 Re7 32. Bd3 Ng7 33. Bb1 Ne8 34. g4 Nd6
35. g5 Ne8 36. Nf1 Nd6 37. Ng3 Rfe8 38. h4 b5 39. Bd3 bxc4 40. bxc4 Nb6 41. Bc1
Na4 42. Rc2 e4 43. fxe4 fxe4 44. Rf2+ Kg8 45. Bc2 Nc3 46. Bb2 d3 47. Bxc3 Bxf2
48. Kxf2 e3+ 49. Kg2 dxc2 50. c5 Ne4 51. d6 Nxc3 52. dxe7 Nd1 53. Ne2 Rxe7 54.
Nc1 Rc7 55. Re2 Rxc5 56. Kf3 Rf5+ 57. Kg3 Rc5 58. Kf3 Rc4 59. Rh2 Kf7 60. Ke2
Rd4 61. Rh3 Ke6 62. Nb3 Kd5 63. h5 Kc4 64. hxg6 hxg6 65. Nc1 Kc3 0-1

[Event "DEM U14 2004"]
[Site "Willingen GER"]
[Date "2004.06.05"]
[Round "9"]
[White "Beck, Frederik"]
[Black "Dinger, Florian"]
[Result "1/2-1/2"]
[Termination "normal"]
[Board "5"]
[WhiteElo "2095"]
[BlackElo "2070"]
[PlyCount "57"]
[WhiteFideId "4687388"]
[BlackFideId "24605573"]
[EventCountry "GER"]
[EventRounds "9"]
[EventType "swiss"]
[EventDate "2004.05.29"]

1. b3 e5 2. Bb2 Nc6 3. e3 g6 4. f4 Bg7 5. Nf3 f6 6. fxe5 fxe5 7. Bb5 Nge7 8.
O-O O-O 9. e4 h6 10. Qe1 d6 11. Bc4+ Kh7 12. Qg3 Nd4 13. Nxd4 Rxf1+ 14. Bxf1
exd4 15. c3 Nc6 16. Bd3 Be5 17. Qf2 Qf6 18. Qxf6 Bxf6 19. cxd4 Bxd4+ 20. Bxd4
Nxd4 21. Nc3 Be6 22. Nd5 c6 23. Nc7 Rf8 24. Nxe6 Nxe6 25. Rf1 Rxf1+ 26. Kxf1
Kg7 27. Kf2 Kf6 28. Ke3 Ke5 29. Bb1 1/2-1/2

[Event "DEM U14 2004"]
[Site "Willingen GER"]
[Date "2004.06.05"]
[Round "9"]
[White "Rudolf, Sebastian"]
[Black "Müller, Reinhold"]
[Result "1-0"]
[Termination "normal"]
[Board "7"]
[WhiteElo "1926"]
[BlackElo "2035"]
[PlyCount "61"]
[WhiteFideId "24609390"]
[BlackFideId "24605875"]
[EventCountry "GER"]
[EventRounds "9"]
[EventType "swiss"]
[EventDate "2004.05.29"]

1. e4 c5 2. Nf3 d6 3. d4 cxd4 4. Nxd4 Nf6 5. Nc3 g6 6. Be3 Bg7 7. f3 O-O 8. Bc4
Nc6 9. Qd2 Bd7 10. O-O-O Rc8 11. Bb3 Ne5 12. h4 Nc4 13. Bxc4 Rxc4 14. g4 Bxg4
15. fxg4 Nxg4 16. h5 Rxd4 17. Bxd4 Bh6 18. Qxh6 Nxh6 19. hxg6 e5 20. gxh7+ Kxh7
21. Be3 f5 22. Bxh6 Kg6 23. Bxf8 Qxf8 24. Rdg1+ Kf7 25. Rh7+ Ke8 26. Rgg7 fxe4
27. Re7+ Kd8 28. Rd7+ Kc8 29. Rc7+ Kd8 30. Rhd7+ Ke8 31. Rc8+ 1-0

[Event "DEM U14 2004"]
[Site "Willingen GER"]
[Date "2004.06.05"]
[Round "9"]
[White "Zehnter, Sebastian"]
[Black "Paul, Johannes"]
[Result "1-0"]
[Termination "normal"]
[Board "8"]
[WhiteElo "1987"]
[BlackElo "1713"]
[PlyCount "65"]
[WhiteFideId "24608670"]
[BlackFideId "24622087"]
[EventCountry "GER"]
[EventRounds "9"]
[EventType "swiss"]
[EventDate "2004.05.29"]

1. e4 c5 2. Nc3 Nc6 3. g3 g6 4. Bg2 Bg7 5. d3 d6 6. Nge2 e6 7. Be3 Nd4 8. Qd2
Ne7 9. Nd1 Nxe2 10. Qxe2 O-O 11. O-O Rb8 12. Qd2 b5 13. Bh6 Qc7 14. h4 d5 15.
Bxg7 Kxg7 16. h5 Qe5 17. h6+ Kh8 18. Ne3 Qg5 19. Qe1 d4 20. f4 Qxh6 21. Ng4 Qg7
22. e5 Bb7 23. Bxb7 Rxb7 24. Qe4 Rc7 25. Kf2 Ng8 26. Rae1 h5 27. Rh1 Nh6 28.
Nf6 c4 29. g4 Rfc8 30. Re2 cxd3 31. Qxd3 Qf8 32. Rxh5 Kg7 33. Rxh6 1-0

[Event "DEM U14 2004"]
[Site "Willingen GER"]
[Date "2004.06.05"]
[Round "9"]
[White "Müller, Jan-Hendrik"]
[Black "Wapenhans, Alexander"]
[Result "1/2-1/2"]
[Termination "normal"]
[Board "9"]
[WhiteElo "1831"]
[BlackElo "1655"]
[PlyCount "36"]
[WhiteFideId "24615048"]
[BlackFideId "24622630"]
[EventCountry "GER"]
[EventRounds "9"]
[EventType "swiss"]
[EventDate "2004.05.29"]

1. e4 c5 2. Nf3 Nc6 3. d4 cxd4 4. Nxd4 g6 5. Nc3 Bg7 6. Be3 Nf6 7. Bc4 O-O 8.
O-O Nxe4 9. Nxe4 d5 10. Bxd5 Qxd5 11. Nc3 Qc4 12. Nxc6 Qxc6 13. Nd5 Re8 14. c3
e5 15. Nb4 Qc7 16. Nd5 Qc6 17. Nb4 Qc7 18. Nd5 Qc6 1/2-1/2

[Event "DEM U14 2004"]
[Site "Willingen GER"]
[Date "2004.06.05"]
[Round "9"]
[White "Lange, Jan-David"]
[Black "Trapp, Maximilian"]
[Result "1-0"]
[Termination "normal"]
[Board "10"]
[WhiteElo "1794"]
[BlackElo "1820"]
[PlyCount "81"]
[WhiteFideId "24614963"]
[EventCountry "GER"]
[EventRounds "9"]
[EventType "swiss"]
[EventDate "2004.05.29"]

1. e4 e5 2. Nf3 Nc6 3. d4 exd4 4. Nxd4 Bc5 5. Be3 Qf6 6. Nb5 Bxe3 7. fxe3 Qh4+
8. g3 Qd8 9. Qg4 g6 10. Qf4 d6 11. Bc4 Ne5 12. O-O Qe7 13. Nd2 Bh3 14. Rfd1 c6
15. Nd4 O-O-O 16. Bf1 Bxf1 17. Rxf1 Qc7 18. N2f3 Rd7 19. Ng5 Re7 20. Rad1 h6
21. Ngf3 Rh7 22. Nxe5 Rxe5 23. Qg4+ Qd7 24. Nf5 Re6 25. Rxd6 Rxd6 26. Nxd6+ Kc7
27. Qxd7+ Kxd7 28. Rxf7+ Rxf7 29. Nxf7 Ke7 30. Ne5 g5 31. Kf2 Nf6 32. Kf3 Ne8
33. Nc4 Ke6 34. b4 b6 35. a4 h5 36. b5 cxb5 37. axb5 Nd6 38. Nxd6 Kxd6 39. c4
Ke6 40. e5 Kxe5 41. g4 1-0

[Event "DEM U14 2004"]
[Site "Willingen GER"]
[Date "2004.06.05"]
[Round "9"]
[White "Völbel, Patrick"]
[Black "Szczap, Arthur"]
[Result "1-0"]
[Termination "normal"]
[Board "11"]
[WhiteElo "1867"]
[BlackElo "1497"]
[PlyCount "79"]
[WhiteFideId "24622583"]
[BlackFideId "24637394"]
[EventCountry "GER"]
[EventRounds "9"]
[EventType "swiss"]
[EventDate "2004.05.29"]

1. d4 Nf6 2. c4 e6 3. Nc3 Bb4 4. a3 Bxc3+ 5. bxc3 b6 6. f3 d6 7. e4 e5 8. Be3
Nbd7 9. Bd3 O-O 10. Ne2 Re8 11. Qd2 Nf8 12. O-O Ng6 13. Ng3 a5 14. Rae1 Ba6 15.
Nf5 Bc8 16. Bg5 h6 17. Be3 Bxf5 18. exf5 Nf8 19. Bf2 N8h7 20. Bh4 Qd7 21. Qc2
c5 22. d5 Nh5 23. Kh1 Nf4 24. g3 Nxd3 25. Qxd3 f6 26. Rb1 Rab8 27. Rb5 Rb7 28.
Rfb1 Reb8 29. Qe4 Qc7 30. Kg2 Re8 31. R1b2 Re7 32. Qb1 Rd7 33. Rxb6 Rxb6 34.
Rxb6 Kf7 35. Qb5 Qa7 36. Ra6 Qb7 37. Rxa5 Ke7 38. Ra6 Ke8 39. Rb6 Qa7 40. a4
1-0

[Event "DEM U14 2004"]
[Site "Willingen GER"]
[Date "2004.06.05"]
[Round "9"]
[White "Bastian, Ruben"]
[Black "Poetsch, Hagen"]
[Result "0-1"]
[Termination "normal"]
[Board "12"]
[WhiteElo "1421"]
[BlackElo "1783"]
[PlyCount "78"]
[BlackFideId "24615137"]
[EventCountry "GER"]
[EventRounds "9"]
[EventType "swiss"]
[EventDate "2004.05.29"]

1. e4 e6 2. d4 d5 3. e5 c5 4. c3 Qb6 5. Nf3 Nc6 6. a3 c4 7. Be2 Bd7 8. Nbd2 Na5
9. O-O Be7 10. Rb1 O-O-O 11. b4 cxb3 12. Nxb3 Ba4 13. Nxa5 Bxd1 14. Rxb6 axb6
15. Rxd1 bxa5 16. c4 Nh6 17. Bd2 Bxa3 18. Bxa5 Rd7 19. Rd3 Be7 20. cxd5 Rxd5
21. Rc3+ Kb8 22. Bc7+ Ka7 23. Rc2 b6 24. Rb2 Bd8 25. Bd6 Nf5 26. Bb4 Nxd4 27.
Nxd4 Rxd4 28. Bd6 Ra4 29. g3 f6 30. exf6 Bxf6 31. Rc2 Bd8 32. Bb5 Ra5 33. Bd7
Rd5 34. Rc6 Kb7 35. Kg2 b5 36. Kf3 Bb6 37. Ke4 Rd8 38. Bxe6 Kxc6 39. Bxd5+ Kxd6
0-1

[Event "DEM U14 2004"]
[Site "Willingen GER"]
[Date "2004.06.05"]
[Round "9"]
[White "Wall, Henrik"]
[Black "Kalisch, Michael"]
[Result "1/2-1/2"]
[Termination "normal"]
[Board "13"]
[WhiteElo "1712"]
[BlackElo "1576"]
[PlyCount "35"]
[WhiteFideId "24614033"]
[EventCountry "GER"]
[EventRounds "9"]
[EventType "swiss"]
[EventDate "2004.05.29"]

1. e4 c6 2. d4 d5 3. exd5 cxd5 4. Bd3 Nc6 5. c3 Nf6 6. Nf3 Bg4 7. Nbd2 e6 8.
Qb3 Qc7 9. O-O Bd6 10. h3 Bh5 11. Bb5 O-O 12. Bxc6 bxc6 13. Re1 c5 14. a3 Rab8
15. Qc2 Bg6 16. Qd1 Qb6 17. Nf1 Ne4 18. Ne3 1/2-1/2

[Event "DEM U14w 2004"]
[Site "Willingen GER"]
[Date "2004.05.30"]
[Round "1"]
[White "Zikeli, Saskia"]
[Black "Dittrich, Jacqueline"]
[Result "1-0"]
[Termination "normal"]
[Board "2"]
[WhiteElo "1884"]
[BlackElo "1518"]
[PlyCount "120"]
[WhiteFideId "24601543"]
[BlackFideId "24666270"]
[EventCountry "GER"]
[EventRounds "9"]
[EventType "swiss"]
[EventDate "2004.05.29"]

1. e4 Nf6 2. e5 Nd5 3. d4 d6 4. c4 Nb6 5. exd6 cxd6 6. h3 g6 7. Nf3 Bg7 8. Be2
O-O 9. O-O Nc6 10. Nc3 Bf5 11. Be3 Rc8 12. Rc1 d5 13. c5 Na8 14. Qb3 Qd7 15.
Rfd1 Rfd8 16. g4 Be6 17. Ng5 Nc7 18. Bf3 Bf6 19. Nxe6 fxe6 20. Bg2 b6 21. cxb6
axb6 22. Na4 Na8 23. Nxb6 Nxb6 24. Qxb6 Na7 25. Rxc8 Rxc8 26. Bf1 Kf7 27. Rc1
Rxc1 28. Bxc1 Qa4 29. Qa6 Qxa6 30. Bxa6 Bxd4 31. b4 Ke8 32. b5 Kd7 33. Bd2 Kc7
34. Bb4 Kb6 35. a4 Nc6 36. Bd2 Na5 37. Bg5 Bc5 38. Bc8 e5 39. Be6 d4 40. Bg8 d3
41. Bd2 h6 42. Kf1 g5 43. Ke1 Nb7 44. Bh7 Na5 45. Bxd3 Nb3 46. Bc3 Bd6 47. Ke2
Nc5 48. Bc2 Ne6 49. Bd3 Nf4+ 50. Ke3 Nxh3 51. a5+ Kb7 52. f3 Bc5+ 53. Kd2 Bd6
54. Be4+ Kb8 55. Kd3 Nf2+ 56. Kc4 Nxe4 57. fxe4 e6 58. b6 Kb7 59. Kb5 Bb8 60.
a6+ Kc8 1-0

[Event "DEM U14w 2004"]
[Site "Willingen GER"]
[Date "2004.05.30"]
[Round "1"]
[White "Remy, Janina"]
[Black "Mader, Manuela"]
[Result "0-1"]
[Termination "normal"]
[Board "3"]
[WhiteElo "1504"]
[BlackElo "1829"]
[PlyCount "183"]
[WhiteFideId "24627348"]
[BlackFideId "24612928"]
[EventCountry "GER"]
[EventRounds "9"]
[EventType "swiss"]
[EventDate "2004.05.29"]

1. c4 Nf6 2. g3 e6 3. Bg2 d5 4. cxd5 exd5 5. d4 Be6 6. Nc3 c6 7. e3 Bd6 8. Nge2
Qc8 9. e4 dxe4 10. Nxe4 Nxe4 11. Bxe4 Nd7 12. Nf4 Nf6 13. Bg2 Bxf4 14. Bxf4 O-O
15. O-O Qd7 16. Qd2 Rad8 17. Be3 Bd5 18. Bxd5 Nxd5 19. Rad1 Rfe8 20. Rfe1 Qg4
21. Qe2 Qh3 22. Qf1 Qd7 23. Qd3 a6 24. a3 Nc7 25. Qc4 Re6 26. Re2 Rde8 27. Rde1
Nd5 28. Qd3 Qe7 29. Kf1 Re4 30. Qd2 f6 31. Qd3 Qe6 32. Qd2 Qh3+ 33. Kg1 h5 34.
f3 R4e7 35. Bf2 Qd7 36. Kg2 Kf7 37. Rxe7+ Rxe7 38. Re4 Qe8 39. Qe2 Nc7 40.
Rxe7+ Qxe7 41. Qxe7+ Kxe7 42. Kf1 Kd6 43. Ke2 Kd5 44. Kd3 Ne6 45. Be3 g6 46.
Kc3 Ng7 47. Kd3 Nf5 48. b3 Nd6 49. Bc1 Nb5 50. Bb2 a5 51. a4 Nd6 52. Bc3 b6 53.
Bd2 Nf5 54. Bc3 g5 55. f4 g4 56. Bb2 h4 57. gxh4 Nxh4 58. Ke3 Ng2+ 59. Kf2 Nxf4
60. Kg3 Nd3 61. Kxg4 Nxb2 62. Kf5 Nd1 63. h4 Ne3+ 64. Kxf6 Ke4 65. h5 Kf4 66.
Kg6 Ng4 67. Kf7 Ke4 68. Kg6 Kf4 69. Kf7 Ke4 70. Ke6 Kxd4 71. Kf5 Nh6+ 72. Kg6
Ng4 73. Kg5 Ne5 74. Kf5 Nf7 75. Kf6 Nh6 76. Kg7 Nf5+ 77. Kg6 Ke4 78. Kf6 b5 79.
Ke6 bxa4 80. bxa4 c5 81. h6 Nxh6 82. Kd6 c4 83. Kc5 c3 84. Kb5 c2 85. Kxa5 c1=Q
86. Kb5 Qc3 87. a5 Kd5 88. Kb6 Qc5+ 89. Ka6 Qb4 90. Ka7 Kc6 91. a6 Qb6+ 92. Ka8
0-1